000 00826nab a2200241 u 4500
001 15921
003 HDC
007 cr bn ---aaaaa
008 210201b20140612my ||||| |||| 00| 0 may d
040 _aHDC
245 0 _aKilang dipenuhi sisa buangan air beras
260 _aKuala Lumpur :
_bThe New Straits Times Press (M) Bhd.,
_c2014
300 _a1 online resource
336 _atext
_2rdacontent
337 _acomputer
_2rdamedia
338 _aonline resource
_2rdacarrier
650 _aFactory and trade waste
_xTreatment
_zMalaysia
_915919
710 _aHarian Metro,
_eissung body
856 _zRequest full-text at [email protected]
942 _2lcc
942 _cNEWS
942 _kNWSC 006454
999 _c13237
_d13237